| 000 | 00912nam a22002655i 4500 | ||
|---|---|---|---|
| 001 | 176916 | ||
| 003 | ES-MaACL | ||
| 005 | 20250820101324.0 | ||
| 008 | 110218s1973 sp |||| | spa d | ||
| 020 | _a84-220-0438-0 | ||
| 080 | _a27-36(091) | ||
| 100 | 1 |
_aTavard, Georges. _9109415 |
|
| 245 | 1 | 4 |
_aLos ángeles / _cGeorges Tavard ; con la colaboración de André Caquot y Johann Michl ; traducción de Manuel Pozo. |
| 260 |
_aMadrid : _bBiblioteca de Autores Cristianos, _c1973. |
||
| 300 |
_a91 p. ; _c27 cm. |
||
| 490 | 1 |
_aHistoria de los dogmas ; _vt. 2, cuaderno 2b |
|
| 504 | _aBibliografía: p. 1. | ||
| 650 | 7 |
_aÁngeles _2embne _99825 |
|
| 700 | 1 |
_aCaquot, André. _9145269 |
|
| 700 | 1 |
_aMichl, Johann. _9145270 |
|
| 700 | 1 |
_aPozo, Manuel. _9140213 |
|
| 830 | 0 |
_aHistoria de los dogmas ; _vt. 2, cuaderno 2b _9190300 |
|
| 852 |
_aES-MaACL _jE14353 _xOlim P-1497 |
||
| 999 |
_c176916 _d176916 |
||